| 000 | 00399nam a2200169Ia 4500 | ||
|---|---|---|---|
| 008 | 230524s9999 xx 000 0 und d | ||
| 020 | _a9788131502808 | ||
| 082 |
_a658.45 _bROS |
||
| 100 | _aBert Rosenbloom | ||
| 245 | 0 | _aMarketing Channels | |
| 250 | _a7TH | ||
| 260 |
_aNEW DELHI _bCengage _c2009 |
||
| 300 | _aXX;641 | ||
| 500 | _aQuantity Number: 4 | ||
| 650 | _aManagement | ||
| 942 | _cBK | ||
| 999 |
_c43164 _d43164 |
||